2000s Movies by IMDb Description - Statistics

General Stats
  • This quiz has been taken 330 times
    161 since last reset
  • The average score is 11 of 20
Answer Stats
Year Description Movie % Correct
2008 When a menace known as the Joker wreaks havoc and chaos on the people of Gotham, Batman, James Gordon and Harvey Dent must work together to put an end to the madness. The Dark Knight
98%
2001 A meek Hobbit from the Shire and eight companions set out on a journey to destroy the powerful One Ring and save Middle-earth from the Dark Lord Sauron. The Lord of the Rings: The Fellowship of the Ring
97%
2003 Gandalf and Aragorn lead the World of Men against Sauron's army to draw his gaze from Frodo and Sam as they approach Mount Doom with the One Ring. The Lord of the Rings: The Return of the King
97%
2008 A robot who is responsible for cleaning a waste-covered Earth meets another robot and falls in love with her. Together, they set out on a journey that will alter the fate of mankind. WALL·E
78%
2000 A former Roman General sets out to exact vengeance against the corrupt emperor who murdered his family and sent him into slavery. Gladiator
77%
2009 78-year-old Carl Fredricksen travels to South America in his house equipped with balloons, inadvertently taking a young stowaway. Up
77%
2009 A paraplegic Marine dispatched to the moon Pandora on a unique mission becomes torn between following his orders and protecting the world he feels is his home. Avatar
69%
2002 During WWII, acclaimed Polish musician Wladyslaw faces various struggles as he loses contact with his family. As the situation worsens, he hides in the ruins of Warsaw in order to survive. The Pianist
64%
2009 In Nazi-occupied France during World War II, a plan to assassinate Nazi leaders by a group of Jewish U.S. soldiers coincides with a theatre owner's vengeful plans for the same. Inglourious Basterds
55%
2000 Leonard Shelby, an insurance investigator, suffers from anterograde amnesia and uses notes and tattoos to hunt for the man he thinks killed his wife, which is the last thing he remembers. Memento
51%
2002 While Frodo and Sam edge closer to Mordor with the help of the shifty Gollum, the divided fellowship makes a stand against Sauron's new ally, Saruman, and his hordes of Isengard. The Lord of the Rings: The Two Towers
50%
2004 When their relationship turns sour, a couple undergoes a medical procedure to have each other erased from their memories forever. Eternal Sunshine of the Spotless Mind
48%
2006 An undercover cop and a mole in the police attempt to identify each other while infiltrating an Irish gang in South Boston. The Departed
47%
2006 Rival 19th-century magicians engage in a bitter battle for trade secrets. The Prestige
45%
2002 In the slums of Rio, two kids' paths diverge as one struggles to become a photographer and the other a kingpin. City of God
31%
2003 After being kidnapped and imprisoned for fifteen years, Oh Dae-Su is released, only to find that he must track down his captor in five days. Oldboy
31%
2000 The drug-induced utopias of four Coney Island people are shattered when their addictions run deep. Requiem for a Dream
26%
2001 During her family's move to the suburbs, a sullen 10-year-old girl wanders into a world ruled by gods, witches and spirits, and where humans are changed into beasts. Spirited Away
20%
2009 Two friends are searching for their long lost companion. They revisit their college days and recall the memories of their friend who inspired them to think differently, even as the rest of the world called them "idiots". 3 Idiots
10%
2006 In 1984 East Berlin, an agent of the secret police conducting surveillance on a writer and his lover finds himself becoming increasingly absorbed by their lives. The Lives of Others
9%
No matching quizzes found
Score Distribution
Percent of People with Each Score
Percentile by Number Answered
Your Score History
You have not taken this quiz since the last reset